1271 1344 1878 1311 1972 1542 1712 1981 1995 1419 1162 1870 1147 1789 1831 1717 1094 1530 1248 1252 1530 1651 1968 1795 1559 1426 1703 1547 1400 1358 1246 1333 1135 1313 1705 1604 1359 1476 1885 1288 1484 1164 1009 1037 1047 1641 1470 1635 1837 1989 1512 1777 1846 1197 1523 1174 1198 1194 1050 1617 1628 1392 1230 1702 1974 1610 1282 1356 1639 1859 1038 1169 1370 1444 1596 1518 1318 1320 1937 1617 1713 1395 1612 1122 1304 1413 1013 1580 1947 1805 1085 1766 1233 1953 1108 1079 1796 1816 1225 BCNSPRNW ULIB Ver.6.0+V

เปลี่ยนเป็นภาษาไทย

Change to English
 แสดงรายละเอียดบรรณานุกรม
  กลับหน้าหลัก

Brief Record : Get Marc (ISO 2709) : E-mail record : QR code < ปิดหน้าต่าง
LEADER : 00000nam 2200000uu 4500
001    13399111766
003     ULIB
008    110627s2552||||th 000 0 tha d
020    9786167081212
090    นว.^bบ825ย 2552
100 0  เบลล์ซาซ่า
245 00 ยั่วรัก/^cเบลล์ซาซ่า
250    พิมพ์ครั้งที่ 1
260    นนทบุรี :^bสมาร์ทบุ๊ค,^c2552
300    416 หน้า
945    ^p270^l0^i028070
995    ทศพร
999 ^a ใช้งานได้ทุกระบบ
รายการนี้ยังไม่มีแท็ก
คุณยังไม่ได้ล็อกอิน คุณสามารถมีกิจกรรมร่วมกับเว็บไซต์ได้ แต่ต้องล็อกอินก่อน ::
  ล็อกอิน

รายการสื่อสารสนเทศ

ลำดับที่ ประเภท เลขเรียก/บาร์โค้ด สถานที่ สถานะ
- ไม่พบข้อมูล -

รายการใกล้เคียง
    ผู้แต่ง [เบลล์ซาซ่า]

BibComment


ยังไม่เคยถูกคอมเมนท์

คอมเมนท์ทรัพยากรรายการนี้
  คอมเมนท์: ยั่วรัก เบลล์ซาซ่า


 Copyright 2026. Bcnsprnw @Library